000
00314nam a22001217a 4500
008
160518b xxu||||| |||| 00| 0 eng d
020
_a
9780781746717
020
_a
078174671
041
_a
eng
080
_a
61
245
_a
Arthritis and allied conditions:
_c
William J. Koopman; Larry W. Moreland;
942
_2
udc
_c
BK
999
_c
2188
_d
2188